00503nam a22001577a 450000500170000001000150001702000260003203500140005803700130007208200160008524500620010125000090016326000190017227000950019130000590028620210928111128.0 aENG-129977 c850.00a9789387205086 aEN-113509 bDBAD/PUB a338.4791023 aCareer and occupations in Travel and Tourism;cYadav O.P. a2018 bAradhanac2018 bNew Delhia1/11083 Street No.8, Subhash Park, Near Janardan Mandir, Naveen Shahdrae110032 a168pc21cm (hbk)bTips before Travelling, Bibliography